[Event "Ljubljana-chT 70th"]
[Site "Ljubljana"]
[Date "2017.03.16"]
[Round "8.3"]
[White "Pajnhart, Tadej"]
[Black "Jukan, Nesib"]
[Result "1-0"]
[WhiteElo "1733"]
[BlackElo "2036"]
[PlyCount "145"]
[EventDate "2017.01.12"]
[EventType "team-tourn"]
[EventRounds "9"]
[EventCountry "SLO"]
[SourceTitle "EXT 2019"]
[Source "ChessBase"]
[SourceDate "2018.10.10"]
[SourceVersion "1"]
[SourceVersionDate "2018.10.10"]
[SourceQuality "1"]
[WhiteTeam "Klinicni Center"]
[BlackTeam "Trzin Buscotrade"]
[WhiteTeamCountry "SLO"]
[BlackTeamCountry "SLO"]

1. e4 e5 2. Nf3 Nf6 3. Nxe5 d6 4. Nf3 Nxe4 5. Qe2 Qe7 6. d3 Nf6 7. Qxe7+ Bxe7 8. g3 Nc6 9. c3 Bf5 10. d4 0-0-0 11. Bg2 Bd3 12. Bf1 Be4 13. Nbd2 Bc2 14. Bg2 Bd3 15. Bf1 Bc2 16. Bh3+ Kb8 17. 0-0 d5 18. Re1 Bd6 19. Nf1 h6 20. Ne3 Be4 21. Nh4 g6 22. f3 Bd3 23. Bf1 Bxf1 24. Kxf1 Rde8 25. Bd2 Kc8 26. Kf2 Ne7 27. Nc2 g5 28. Ng2 g4 29. Bf4 Nf5 30. fxg4 Nxg4+ 31. Kg1 Be7 32. Nce3 Nfxe3 33. Nxe3 Nxe3 34. Rxe3 Bg5 35. Bxg5 hxg5 36. Rxe8+ Rxe8 37. Kf2 Re4 38. h3 f5 39. Rh1 Kd7 40. h4 gxh4 41. gxh4 Ke6 42. h5 Kf7 43. h6 Kg8 44. h7+ Kh8 45. Rh5 Rf4+ 46. Kg3 Rf1 47. Rh2 f4+ 48. Kg4 a5 49. Kf5 f3 50. Ke5 c6 51. Kd6 Rg1 52. Rf2 Rg3 53. Kc7 Rg2 54. Rxf3 Rxb2 55. Rf7 a4 56. Kd6 a3 57. Kc5 Rb5+ 58. Kd6 Rb2 59. Kc5 Rc2 60. Rxb7 Rxc3+ 61. Kd6 Rc2 62. Ra7 Rxa2 63. Kxc6 Rc2+ 64. Kxd5 a2 65. Ke4 Rh2 66. Kd3 Rh3+ 67. Kc4 Rh1 68. Rxa2 Kxh7 69. Rg2 Ra1 70. d5 Rc1+ 71. Kd4 Rc8 72. d6 Rc2 73. Rxc2 1-0

[Event "Ljubljana-chT 70th"]
[Site "Ljubljana"]
[Date "2017.01.12"]
[Round "1.3"]
[White "Pajnhart, Tadej"]
[Black "Jelen, Miha"]
[Result "0-1"]
[WhiteElo "1733"]
[BlackElo "1909"]
[PlyCount "58"]
[EventDate "2017.01.12"]
[EventType "team-tourn"]
[EventRounds "9"]
[EventCountry "SLO"]
[SourceTitle "EXT 2019"]
[Source "ChessBase"]
[SourceDate "2018.10.10"]
[SourceVersion "1"]
[SourceVersionDate "2018.10.10"]
[SourceQuality "1"]
[WhiteTeam "Klinicni Center"]
[BlackTeam "Ig"]
[WhiteTeamCountry "SLO"]
[BlackTeamCountry "SLO"]

1. e4 c5 2. Nf3 Nc6 3. g3 g6 4. Bg2 Bg7 5. 0-0 Nf6 6. d3 0-0 7. Nc3 d5 8. exd5 Nxd5 9. Nxd5 Qxd5 10. Ng5 Qd7 11. Re1 b6 12. h4 Bb7 13. h5 Nd4 14. c3 Bxg2 15. Kxg2 Qd5+ 16. f3 Nc6 17. hxg6 hxg6 18. Qe2 Rad8 19. Rd1 c4 20. d4 e5 21. Be3 exd4 22. cxd4 Rfe8 23. Qf2 Nxd4 24. Rd2 Qe5 25. Bf4 Qe7 26. Rh1 Ne6 27. Nxe6 Rxd2 28. Bxd2 Qxe6 29. Re1 Qd7 0-1

[Event "SLO-chT2 West"]
[Site "Ljubljana"]
[Date "2013.11.08"]
[Round "1.4"]
[White "Baric, Dusan"]
[Black "Pajnhart, Tadej"]
[Result "1-0"]
[WhiteElo "2074"]
[BlackElo "1749"]
[PlyCount "85"]
[EventDate "2013.11.08"]
[EventType "team"]
[EventRounds "9"]
[EventCountry "SLO"]
[SourceTitle "EXT 2015"]
[Source "ChessBase"]
[SourceDate "2014.11.20"]
[SourceVersion "1"]
[SourceVersionDate "2014.11.20"]
[SourceQuality "1"]
[WhiteTeam "Stari Trg ob Kolpi"]
[BlackTeam "Lojz Kraigher"]
[WhiteTeamCountry "SLO"]
[BlackTeamCountry "SLO"]

1. e4 d5 2. exd5 Qxd5 3. Nf3 Nf6 4. d4 e6 5. Bd3 Be7 6. 0-0 0-0 7. c4 Qd8 8. Nc3 c6 9. Bf4 Nbd7 10. Rc1 b6 11. Qe2 Bb7 12. Rfd1 Re8 13. Bb1 Nf8 14. a3 Ng6 15. Bg3 Qc8 16. b4 a5 17. Na4 Qd8 18. c5 b5 19. Nb6 Ra6 20. a4 bxa4 21. b5 cxb5 22. Qxb5 Nd5 23. Nxa4 Qc8 24. Nb6 Bc6 25. Qb2 Nxb6 26. cxb6 Qb7 27. Rxc6 Qxc6 28. Bc7 Rb8 29. Bxg6 hxg6 30. Ne5 Qb7 31. Qc1 Rxb6 32. Bxb6 Qxb6 33. Nd7 Qa7 34. Nxb8 Qxb8 35. Qc4 Bb4 36. d5 exd5 37. Rxd5 Qe8 38. g3 Qe1+ 39. Kg2 Qe7 40. Qd4 g5 41. Rd8+ Kh7 42. Qd3+ g6 43. Qd4 1-0

[Event "SLO-chT2 West"]
[Site "Ljubljana"]
[Date "2012.10.21"]
[Round "5.4"]
[White "Baric, Dusan"]
[Black "Pajnhart, Tadej"]
[Result "1-0"]
[WhiteElo "2051"]
[BlackElo "1860"]
[PlyCount "65"]
[EventDate "2012.10.19"]
[EventType "team-tourn"]
[EventRounds "9"]
[EventCountry "SLO"]
[SourceTitle "EXT 2022"]
[Source "ChessBase"]
[SourceDate "2021.10.06"]
[SourceVersion "1"]
[SourceVersionDate "2021.10.06"]
[SourceQuality "1"]
[WhiteTeam "Stari Trg ob Kolpi"]
[BlackTeam "Ljubljana Lojz Kraigher"]
[WhiteTeamCountry "SLO"]
[BlackTeamCountry "SLO"]

1. e4 d5 2. exd5 Qxd5 3. Nf3 Nf6 4. d4 e6 5. Nc3 Qd8 6. Bd3 Be7 7. Bf4 c6 8. Ne2 0-0 9. c3 Nbd7 10. Qc2 c5 11. 0-0-0 Qa5 12. Kb1 Nb6 13. Bg5 h6 14. Bxf6 Bxf6 15. g4 Re8 16. h4 cxd4 17. g5 hxg5 18. hxg5 Bxg5 19. Nxg5 Qxg5 20. Rdg1 Qf6 21. Nxd4 Kf8 22. Qb3 g6 23. Rg3 Bd7 24. Bxg6 fxg6 25. Rf3 Kg7 26. Rxf6 Kxf6 27. c4 Rh8 28. Rg1 e5 29. Qf3+ Bf5+ 30. Nxf5 gxf5 31. c5 Nc4 32. Qxb7 Nd2+ 33. Kc2 1-0

[Event "SLO-chT2 West"]
[Site "Ljubljana"]
[Date "2012.10.20"]
[Round "3.4"]
[White "Hasanagic, Anel"]
[Black "Pajnhart, Tadej"]
[Result "1-0"]
[WhiteElo "2102"]
[BlackElo "1860"]
[PlyCount "79"]
[EventDate "2012.10.19"]
[EventType "team-tourn"]
[EventRounds "9"]
[EventCountry "SLO"]
[SourceTitle "EXT 2022"]
[Source "ChessBase"]
[SourceDate "2021.10.06"]
[SourceVersion "1"]
[SourceVersionDate "2021.10.06"]
[SourceQuality "1"]
[WhiteTeam "Jesenice"]
[BlackTeam "Ljubljana Lojz Kraigher"]
[WhiteTeamCountry "SLO"]
[BlackTeamCountry "SLO"]

1. e4 e5 2. Nf3 d6 3. Bc4 Be7 4. 0-0 Nf6 5. Re1 Nc6 6. c3 0-0 7. Bb3 Bg4 8. h3 Bh5 9. d3 Na5 10. Bc2 c5 11. Nbd2 Bxf3 12. Qxf3 Qc7 13. Nf1 Rfb8 14. g4 b5 15. Ne3 Bf8 16. g5 Ne8 17. Qg3 Nc6 18. Nd5 Qd8 19. Kh1 b4 20. Ba4 Ne7 21. Bxe8 Nxd5 22. Bc6 Ne7 23. Bxa8 Rxa8 24. cxb4 cxb4 25. Bd2 a5 26. Rac1 Rc8 27. Rxc8 Qxc8 28. Rc1 Qd7 29. b3 Nc6 30. Be3 d5 31. Qg4 Qb7 32. exd5 Ne7 33. Qe4 Nxd5 34. Rc4 f5 35. gxf6 gxf6 36. d4 Qd7 37. dxe5 fxe5 38. Qxe5 Bg7 39. Rg4 Nxe3 40. Qxg7+ 1-0

[Event "SLO-chT 1st League Central"]
[Site "Ljubljana"]
[Date "2012.10.18"]
[Round "7.2"]
[White "Pajnhart, Tadej"]
[Black "Sedlar, Tomo"]
[Result "0-1"]
[WhiteElo "1860"]
[BlackElo "1960"]
[PlyCount "104"]
[EventDate "2012.09.06"]
[EventType "team-swiss"]
[EventRounds "9"]
[EventCountry "SLO"]
[SourceTitle "EXT 2019"]
[Source "ChessBase"]
[SourceDate "2018.10.10"]
[SourceVersion "1"]
[SourceVersionDate "2018.10.10"]
[SourceQuality "1"]
[WhiteTeam "Klinicni Center"]
[BlackTeam "Barob Smarca"]
[WhiteTeamCountry "SLO"]
[BlackTeamCountry "SLO"]

1. e4 e5 2. Nf3 Nf6 3. Nxe5 d6 4. Nf3 Nxe4 5. Qe2 Qe7 6. d3 Nf6 7. Qxe7+ Bxe7 8. g3 0-0 9. Bg2 d5 10. 0-0 Bg4 11. d4 Nbd7 12. Re1 Rfe8 13. Bg5 h6 14. Bxf6 Bxf6 15. Nbd2 c6 16. c3 Be7 17. Re3 Bd6 18. Rae1 Kf8 19. h3 Bf5 20. Rxe8+ Rxe8 21. Rxe8+ Kxe8 22. c4 dxc4 23. Nxc4 Bc7 24. Nfd2 Be6 25. b3 Nb6 26. Na5 Bc8 27. Nac4 Nd5 28. Bxd5 cxd5 29. Ne3 Be6 30. Kg2 Kd7 31. f4 Kd6 32. g4 Ba5 33. Nf3 f6 34. f5 Bd7 35. Nf1 Bb5 36. Ng3 Be8 37. Kf2 Kc6 38. Ke3 Kb5 39. Kd3 Kb4 40. Ne2 Bb5+ 41. Ke3 Ka3 42. Nf4 Bc6 43. Kd3 Kxa2 44. Kc2 Bb5 45. Ne6 Bf1 46. Ng1 Be1 47. Nxg7 Bf2 48. Nf3 Bxh3 49. Ne8 Bxg4 50. Nxf6 Bxf3 51. Kc3 h5 52. Nh7 Be1+ 0-1

[Event "Ljubljana-chT 63rd Superliga"]
[Site "Ljubljana"]
[Date "2010.01.08"]
[Round "1.3"]
[White "Persl, Bojan"]
[Black "Pajnhart, Tadej"]
[Result "1-0"]
[WhiteElo "2155"]
[BlackElo "1749"]
[PlyCount "49"]
[EventDate "2010.01.07"]
[EventType "team-tourn"]
[EventRounds "9"]
[EventCountry "SLO"]
[SourceTitle "EXT 2022"]
[Source "ChessBase"]
[SourceDate "2021.10.06"]
[SourceVersion "1"]
[SourceVersionDate "2021.10.06"]
[SourceQuality "1"]
[WhiteTeam "Klinicni Center"]
[BlackTeam "Farmacija"]
[WhiteTeamCountry "SLO"]
[BlackTeamCountry "SLO"]

1. e4 d5 2. exd5 Qxd5 3. d4 Nf6 4. Nf3 c6 5. c4 Qd8 6. Bd3 Bg4 7. Be3 e6 8. 0-0 Nbd7 9. Re1 Bd6 10. Nbd2 0-0 11. Qc2 Bxf3 12. Nxf3 Qb8 13. h3 h6 14. Bd2 Rc8 15. Bc3 b5 16. Qe2 bxc4 17. Bxc4 Nd5 18. Ne5 N7b6 19. Bb3 c5 20. dxc5 Rxc5 21. Nxf7 Nf4 22. Qg4 Rxc3 23. bxc3 Kxf7 24. Bxe6+ Kf8 25. Qf5+ 1-0

[Event "SLO-chT2 West"]
[Site "Postojna"]
[Date "2009.10.25"]
[Round "4.6"]
[White "Stanic, Vitko"]
[Black "Pajnhart, Tadej"]
[Result "1/2-1/2"]
[WhiteElo "1812"]
[BlackElo "1776"]
[PlyCount "112"]
[EventDate "2009.10.23"]
[EventType "team-tourn"]
[EventRounds "9"]
[EventCountry "SLO"]
[SourceTitle "EXT 2010"]
[Source "ChessBase"]
[SourceDate "2010.11.25"]
[SourceVersion "1"]
[SourceVersionDate "2010.11.25"]
[SourceQuality "1"]
[WhiteTeam "Loska Dolina"]
[BlackTeam "Lojz Kraigher"]
[WhiteTeamCountry "SLO"]
[BlackTeamCountry "SLO"]

1. Nf3 Nf6 2. d4 g6 3. c4 Bg7 4. Nc3 0-0 5. e4 d6 6. h3 c5 7. d5 Nbd7 8. Be3 Ne8 9. Bd3 Ne5 10. Nxe5 Bxe5 11. f4 Bg7 12. Qd2 f5 13. exf5 Bxf5 14. Be2 e5 15. 0-0 Qe7 16. g4 exf4 17. Bf2 Bd7 18. Bf3 Be5 19. Rfe1 Qg7 20. Rab1 a6 21. Ne4 b5 22. Qe2 bxc4 23. Nxc5 dxc5 24. Qxe5 Qxe5 25. Rxe5 Nf6 26. d6 Rae8 27. Rbe1 Rxe5 28. Rxe5 Re8 29. Rxc5 Bb5 30. Rc7 Rd8 31. g5 Nd7 32. Bd5+ Kf8 33. a4 Bxa4 34. Rxc4 Ne5 35. Rxf4+ Ke8 36. Rxa4 Rxd6 37. Bb7 Nd3 38. Re4+ Kf7 39. Bd4 Nc1 40. Rf4+ Ke8 41. Re4+ Kd7 42. Bc3 Nb3 43. Rf4 Nc5 44. Rf7+ Ke8 45. Rxh7 Rb6 46. Bd5 Nd3 47. Bf7+ Kf8 48. b3 Nc1 49. Bd4 Ne2+ 50. Kf2 Nxd4 51. Bc4 Nxb3 52. Rf7+ Ke8 53. Rf3 Nd4 54. Rf6 Rxf6+ 55. gxf6 Nc6 56. Bxa6 Kf7 1/2-1/2

[Event "SLO-chT2 West"]
[Site "Postojna"]
[Date "2009.10.24"]
[Round "2.6"]
[White "Pajnhart, Tadej"]
[Black "Vidic, Miha"]
[Result "0-1"]
[WhiteElo "1776"]
[BlackElo "1999"]
[PlyCount "72"]
[EventDate "2009.10.23"]
[EventType "team-tourn"]
[EventRounds "9"]
[EventCountry "SLO"]
[SourceTitle "EXT 2010"]
[Source "ChessBase"]
[SourceDate "2010.11.25"]
[SourceVersion "1"]
[SourceVersionDate "2010.11.25"]
[SourceQuality "1"]
[WhiteTeam "Lojz Kraigher"]
[BlackTeam "Piran"]
[WhiteTeamCountry "SLO"]
[BlackTeamCountry "SLO"]

1. e4 c5 2. Nf3 e6 3. d4 cxd4 4. Nxd4 Nc6 5. Nb5 d6 6. Bf4 e5 7. Be3 Nf6 8. f3 a6 9. N5c3 b5 10. Nd5 Nxd5 11. Qxd5 Qc7 12. Qd2 Be6 13. Nc3 Be7 14. a3 0-0 15. Rd1 Rac8 16. Nd5 Bxd5 17. exd5 Nd4 18. c3 Bh4+ 19. Bf2 Nb3 20. Qc2 Bxf2+ 21. Qxf2 e4 22. f4 e3 23. Qc2 Nd2 24. Bd3 h6 25. Ke2 Rfe8 26. Bf5 Qc4+ 27. Qd3 Qxf4 28. Rdf1 Nxf1 29. Rxf1 Qxh2 30. Bh3 Rc7 31. Rf3 Rce7 32. a4 bxa4 33. Qxa6 Qe5 34. Qxa4 Qxd5 35. Qc2 Qc4+ 36. Ke1 Ra7 0-1

[Event "Ljubljana-chT"]
[Site "Gostovanja"]
[Date "2009.03.07"]
[Round "8.4"]
[White "Peteh, Uros"]
[Black "Pajnhart, Tadej"]
[Result "1-0"]
[WhiteElo "2022"]
[BlackElo "1797"]
[PlyCount "63"]
[EventDate "2009.01.08"]
[EventType "team-tourn"]
[EventRounds "9"]
[EventCountry "SLO"]
[SourceTitle "EXT 2011"]
[Source "ChessBase"]
[SourceDate "2010.11.26"]
[SourceVersion "1"]
[SourceVersionDate "2010.11.26"]
[SourceQuality "1"]

1. e4 e5 2. Nf3 Nc6 3. Bc4 Be7 4. 0-0 d6 5. d4 Nxd4 6. Nxd4 exd4 7. Qxd4 Bf6 8. Qd3 Ne7 9. Nc3 0-0 10. f4 Nc6 11. a3 Be6 12. Nd5 Bd4+ 13. Be3 Bxe3+ 14. Nxe3 Bxc4 15. Qxc4 a6 16. Rad1 Qe8 17. Nd5 Rc8 18. Rde1 Qe6 19. f5 Qe5 20. c3 h6 21. Qe2 Kh7 22. Qg4 Rg8 23. Nf4 Qc5+ 24. Kh1 Ne5 25. Qh5 g6 26. Qh3 Qb5 27. fxg6+ fxg6 28. Nd5 Rgf8 29. Kg1 Qxb2 30. Qe6 Qb5 31. Qe7+ Kh8 32. Rxf8+ 1-0

[Event "Ljubljana-chT"]
[Site "Gostovanja"]
[Date "2009.02.05"]
[Round "5.3"]
[White "Volf, Ziga"]
[Black "Pajnhart, Tadej"]
[Result "1-0"]
[WhiteElo "2195"]
[BlackElo "1797"]
[PlyCount "37"]
[EventDate "2009.01.08"]
[EventType "team-tourn"]
[EventRounds "9"]
[EventCountry "SLO"]
[SourceTitle "EXT 2011"]
[Source "ChessBase"]
[SourceDate "2010.11.26"]
[SourceVersion "1"]
[SourceVersionDate "2010.11.26"]
[SourceQuality "1"]

1. e4 e5 2. Nf3 Nc6 3. Bc4 Be7 4. d3 d6 5. c3 Nf6 6. Bb3 0-0 7. 0-0 h6 8. Nbd2 Nh7 9. Nc4 Ng5 10. Nxg5 Bxg5 11. f4 b5 12. fxg5 bxc4 13. Bxc4 hxg5 14. Qh5 Qe8 15. Bxg5 Be6 16. Bb5 Bd7 17. Bxc6 Bxc6 18. Bf6 Qe6 19. Qg5 1-0

[Event "SLO-chT2 West"]
[Site "Kranj"]
[Date "2008.10.11"]
[Round "1.6"]
[White "Hajna, Miha"]
[Black "Pajnhart, Tadej"]
[Result "0-1"]
[WhiteElo "1633"]
[BlackElo "1753"]
[PlyCount "76"]
[EventDate "2008.10.11"]
[EventType "team-swiss"]
[EventRounds "9"]
[EventCountry "SLO"]
[SourceTitle "EXT 2010"]
[Source "ChessBase"]
[SourceDate "2010.11.25"]
[SourceVersion "1"]
[SourceVersionDate "2010.11.25"]
[SourceQuality "1"]
[WhiteTeam "Postojna"]
[BlackTeam "Lojz Kraigher"]
[WhiteTeamCountry "SLO"]
[BlackTeamCountry "SLO"]

1. e4 e5 2. Nf3 Nc6 3. Bc4 Be7 4. Nc3 Nf6 5. d3 d6 6. h3 0-0 7. Be3 Na5 8. Bb3 Nxb3 9. axb3 a6 10. Qe2 c5 11. 0-0 h6 12. Nd5 Nxd5 13. exd5 b5 14. c4 b4 15. Nd2 g5 16. g4 f5 17. f3 Kg7 18. Kg2 Bd7 19. Bg1 Qb6 20. Kh2 Ra7 21. Ra2 Rfa8 22. Rfa1 h5 23. Rf1 hxg4 24. fxg4 fxg4 25. hxg4 Rh8+ 26. Kg2 Rh4 27. Qf2 Rxg4+ 28. Kh1 Rf4 29. Qg2 Rh4+ 30. Bh2 Bh3 31. Qf2 Bxf1 32. Qxf1 Qd8 33. Ra1 Qh8 34. Nf3 Rh3 35. Qg2 Qh5 36. Rf1 Ra8 37. Ng1 Rh4 38. Qf3 Rxh2# 0-1